000 00385nam a2200169Ia 4500
100 _aTrappe/Wade
650 _aCryptography
250 _a2
942 _cBK
366 _f25
654 _acryptography
245 _aIntroduction to Cryptography with coding theory
260 _bPearson Education
_c2006
082 _a5.82
_bTRA
300 _a577
546 _aENGLISH
_celectronics
999 _c20636
_d20636